[Event "Gebze op 5th"]
[Site "Kocaeli"]
[Date "2014.09.22"]
[Round "4"]
[White "Satici, Aydin"]
[Black "Yasin, Hur"]
[Result "0-1"]
[WhiteElo "1810"]
[BlackElo "2072"]
[PlyCount "102"]
[EventDate "2014.09.20"]
[EventType "swiss"]
[EventRounds "9"]
[EventCountry "TUR"]
[SourceTitle "CBM 162 Extra"]
[Source "ChessBase"]
[SourceDate "2014.10.17"]
[SourceVersion "1"]
[SourceVersionDate "2014.10.17"]
[SourceQuality "1"]

1. Nf3 Nf6 2. c4 e6 3. g3 b6 4. Bg2 Bb7 5. 0-0 c5 6. Nc3 Be7 7. d4 cxd4 8. Qxd4 d6 9. b3 0-0 10. Ba3 d5 11. Bxe7 Qxe7 12. Ne5 dxc4 13. Bxb7 Qxb7 14. Nxc4 Nc6 15. Qf4 Rfd8 16. Rfd1 Qe7 17. Ne5 Qc5 18. Nxc6 Qxc6 19. Rac1 h6 20. f3 Qc5+ 21. Kg2 e5 22. Qc4 Qxc4 23. bxc4 Rxd1 24. Nxd1 Rd8 25. Ne3 Rd2 26. Rc2 Rxc2 27. Nxc2 Kf8 28. Kf2 Ke7 29. Ke3 Kd6 30. Kd3 Nd7 31. Ne3 g6 32. g4 Ke6 33. Nd5 f5 34. e4 fxg4 35. fxg4 Nf6 36. h3 Nh7 37. h4 Nf6 38. Ne3 Kd6 39. h5 gxh5 40. gxh5 Nxh5 41. Nf5+ Kc5 42. Nxh6 Kb4 43. Nf7 Nf4+ 44. Ke3 Ng6 45. Kd3 a5 46. Nd6 Nf8 47. Kc2 Nd7 48. Kb2 Kc5 49. Nb5 Kxc4 50. a4 Nc5 51. Nc3 Kd3 0-1